| 000 | 00574nam a2200217Ia 4500 | ||
|---|---|---|---|
| 005 | 20260429112149.0 | ||
| 008 | 260429s9999||||xx |||||||||||||| ||und|| | ||
| 020 | _a9789391978648 | ||
| 041 | _aEnglish | ||
| 082 |
_a305.40954 _bMIR |
||
| 100 | _aMirza, Amna | ||
| 245 | 0 |
_aGender in Indian history : _bancient to early medieval period / _cAmna Mirza |
|
| 250 | _a1st ed. | ||
| 260 |
_aDelhi : _bShipra Publications, _c2025. |
||
| 300 | _a152 p.; hb | ||
| 650 | _a Gender | ||
| 650 | _a India | ||
| 650 | _aHistory | ||
| 700 | _a Fatmi, Syed Nadeem | ||
| 942 | _cTB | ||
| 999 |
_c52679 _d52679 |
||